000 00450nam a2200121Ia 4500
008 220620s9999||||xx |||||||||||||| ||und||
100 _aRuby Srivastava
245 0 _aRecent Development in Optoelectronic Devices
546 _aEnglish[eng]
650 _aPhysical Sciences||Engineering and Technology||Optoelectronics||Physics||Optics and Lasers
856 _uhttps://www.intechopen.com/books/recent-development-in-optoelectronic-devices
942 _cEB
999 _c31392
_d31392